[Event "Sarajevo Bosnia"]
[Site "Sarajevo"]
[Date "1998.06.02"]
[Round "5"]
[White "Kortschnoj, Viktor"]
[Black "Lputian, Smbat G"]
[Result "1-0"]
[WhiteElo "2625"]
[BlackElo "2610"]
[PlyCount "125"]
[EventDate "1998.05.29"]
[Source "ChessBase"]
[SourceDate "1998.09.30"]

1. d4 d5 2. c4 e6 3. Nf3 Nf6 4. g3 c6 5. Bg2 Nbd7 6. O-O Be7 7. b3 b6 8. Nc3 Ba6 9. Bb2 O-O 10. Nd2 b5 11. cxb5 cxb5 12. a3 Rc8 13. b4 Nb6 14. Nb3 Nc4 15. Bc1 Nd7 16. Ra2 Bb7 17. Nxb5 a6 18. Nc3 Nxa3 19. Nxd5 Bxd5 20. Bxa3 Nb6 21. Bxd5 Qxd5 22. Qd3 Nc4 23. Bc1 Bxb4 24. Rxa6 Rfd8 25. Ra4 Be7 26. Nd2 Nxd2 27. Bxd2 Qc6 28. Rfa1 Qc2 29. Qxc2 Rxc2 30. Ba5 Rb8 31. e3 g5 32. Be1 Rbb2 33. g4 Kg7 34. Kg2 Kg6 35. h3 Bf8 36. Ra8 Bb4 37. Rg8+ Kf6 38. e4 Rc7 39. e5+ Ke7 40. Rh8 Bxe1 41. Rxe1 Rcc2 42. Rf1 Rd2 43. Rxh7 Rxd4 44. Rg7 Re4 45. Rxg5 Rbe2 46. Rg8 Rxe5 47. Ra1 Rd2 48. Ra7+ Rd7 49. Rxd7+ Kxd7 50. h4 f5 51. g5 Ke7 52. h5 Kf7 53. Rg6 Re4 54. Rf6+ Ke7 55. f3 Rh4 56. h6 f4 57. Rg6 Kf7 58. Rg7+ Kf8 59. Kf1 Rh2 60. Ke1 e5 61. Kf1 Rh5 62. Ke2 Rh3 63. Kd2 1-0

[Event "Nederland (ch)"]
[Site "?"]
[Date "2000.??.??"]
[Round "?"]
[White "Piket, Je"]
[Black "Tiviakov, S."]
[Result "1-0"]
[WhiteElo "2630"]
[BlackElo "2565"]
[PlyCount "85"]
[EventDate "2000.??.??"]
[Source "Chess Informant"]
[SourceDate "2000.02.01"]

1. d4 Nf6 2. c4 e6 3. g3 d5 4. Nf3 Bb4+ 5. Bd2 Be7 6. Bg2 c6 7. Qb3 Nbd7 8. O-O O-O 9. Bf4 b6 10. Nc3 Bb7 11. Rac1 a6 12. Rfd1 Rc8 13. c5 Ba8 14. Na4 bxc5 15. Nxc5 Nxc5 16. dxc5 Qa5 17. Bd2 Qc7 18. Qa3 Nd7 19. Ba5 Qa7 20. b4 f5 21. Nd4 e5 22. Nxc6 Bxc6 23. Bxd5+ Kh8 24. Bxc6 Rxc6 25. Qd3 Nb8 26. a4 f4 27. Qd5 fxg3 28. hxg3 Rcf6 29. Bb6 Rxb6 30. cxb6 Qxb6 31. e3 Qf6 32. Rc2 Bxb4 33. a5 h5 34. Rb1 Rd8 35. Qb7 Bd6 36. Rc8 Rxc8 37. Qxc8+ Kh7 38. Qc2+ Kh8 39. Qc8+ Kh7 40. Qc2+ Kh8 41. Rb6 Qe7 42. Qg6 Bc7 43. Re6 1-0

[Event "Bend"]
[Site "Bend"]
[Date "1993.??.??"]
[Round "?"]
[White "Gurevich, Dmitry B"]
[Black "Kaidanov, Gregory S"]
[Result "1/2-1/2"]
[WhiteElo "2575"]
[BlackElo "2620"]
[PlyCount "22"]
[EventDate "1993.??.??"]
[Source "www.chesslib.no"]
[SourceDate "2004.05.04"]

1. c4 c6 2. d4 d5 3. Nf3 Nf6 4. Nc3 e6 5. Qb3 Nbd7 6. g3 Be7 7. Bg2 O-O 8. O-O b6 9. Nd2 Ba6 10. Rd1 b5 11. cxb5 cxb5 1/2-1/2

[Event "Zonal"]
[Site "Lvov zt"]
[Date "1990.??.??"]
[Round "4"]
[White "Tukmakov, Vladimir B"]
[Black "Chernin, Alexander M"]
[Result "1/2-1/2"]
[WhiteElo "2570"]
[BlackElo "2600"]
[PlyCount "75"]
[EventDate "1990.??.??"]
[Source "www.chesslib.no"]
[SourceDate "2004.05.04"]

1. d4 Nf6 2. c4 e6 3. g3 Bb4+ 4. Bd2 Be7 5. Bg2 d5 6. Nf3 O-O 7. O-O c6 8. Qb3 Nbd7 9. Bg5 b6 10. Rd1 Bb7 11. Nc3 a5 12. cxd5 cxd5 13. Rac1 Ne4 14. Bxe7 Qxe7 15. Nd2 Nef6 16. e3 Rfc8 17. a3 Ba6 18. Nb5 Rxc1 19. Rxc1 Rc8 20. Rxc8+ Bxc8 21. Qc2 Ba6 22. Bf1 Nb8 23. Nf3 Ne4 24. Ne5 Qb7 25. f3 Bxb5 26. Bxb5 Nd6 27. Bd3 g6 28. e4 Kg7 29. Ng4 h5 30. Ne3 dxe4 31. fxe4 Qc6 32. Qc3 f6 33. Kf2 e5 34. Nd5 exd4 35. Qxd4 Nd7 36. b4 axb4 37. axb4 Ne5 38. Ke2 1/2-1/2

[Event "Aeroflot Open"]
[Site "Moscow"]
[Date "2004.02.19"]
[Round "3"]
[White "Miton, Kamil"]
[Black "Vaganian, Rafael A"]
[Result "1/2-1/2"]
[WhiteElo "2543"]
[BlackElo "2623"]
[PlyCount "142"]
[EventDate "2004.02.17"]
[Source "Roberto Alvarez"]
[SourceDate "2004.03.01"]

1. d4 d5 2. c4 e6 3. Nf3 Nf6 4. g3 Be7 5. Bg2 O-O 6. O-O dxc4 7. Nc3 Nbd7 8. e4 c6 9. Bf4 b5 10. d5 cxd5 11. exd5 Nxd5 12. Nxd5 exd5 13. Qxd5 Nb6 14. Qxd8 Rxd8 15. Ne5 Bf5 16. Bxa8 Rxa8 17. Nc6 Bf8 18. Rfe1 a6 19. Ne7+ Bxe7 20. Rxe7 Nd5 21. Re5 Be6 22. Bd2 Rc8 23. f4 g6 24. g4 Ne7 25. f5 gxf5 26. gxf5 Nxf5 27. Rf1 Nh4 28. Rg5+ Ng6 29. h4 h6 30. Rg3 h5 31. Rg5 Rd8 32. Bc3 Bg4 33. Rf6 Rd1+ 34. Kf2 Rh1 35. Rxa6 Rh2+ 36. Kg1 Rxh4 37. Rxb5 Rh3 38. a4 Rg3+ 39. Kh2 Rh3+ 40. Kg1 Rg3+ 41. Kf2 Rf3+ 42. Ke1 Re3+ 43. Kd2 Re2+ 44. Kc1 h4 45. Rf6 Be6 46. a5 h3 47. a6 h2 48. Rf1 Bg4 49. a7 Bf3 50. Rb8+ Kh7 51. a8=Q Bxa8 52. Rxa8 Rg2 53. Bd4 f6 54. Ra7+ Kg8 55. Ra8+ Kh7 56. Re8 Ne5 57. Bxe5 fxe5 58. Re7+ Kh6 59. Re6+ Kh7 60. Re7+ Kh6 61. Rxe5 Rg1 62. Ree1 h1=Q 63. Rxg1 Qa8 64. Kb1 Qd5 65. Re2 Qd3+ 66. Rc2 Qe4 67. Rd1 Kg5 68. Rdd2 Qh1+ 69. Rc1 Qe4+ 70. Rdc2 Kf6 71. Ka2 Qa8+ 1/2-1/2

[Event "Moscow ol (Men)"]
[Site "Moscow"]
[Date "1994.??.??"]
[Round "6"]
[White "Kortschnoj, Viktor"]
[Black "Nogueiras, Jesus"]
[Result "1-0"]
[WhiteElo "2615"]
[BlackElo "2530"]
[PlyCount "65"]
[EventDate "1994.11.??"]
[Source "ChessBase"]

1. d4 d5 2. c4 e6 3. Nf3 Nf6 4. Nc3 c6 5. g3 Be7 6. Bg2 O-O 7. O-O Nbd7 8. b3 b6 9. Bb2 Ba6 10. a4 dxc4 11. bxc4 Bxc4 12. Nd2 Ba6 13. Bxc6 Rc8 14. Bg2 Nb8 15. Nb5 Qd7 16. Qb1 Bxb5 17. axb5 Qxb5 18. Rxa7 Qxe2 19. Bc1 Nc6 20. Bxc6 Rxc6 21. Rxe7 Rfc8 22. Ra7 h5 23. Nb3 h4 24. Bf4 Nd5 25. Re1 Qg4 26. Qd1 Qxd1 27. Rxd1 Rc3 28. Rb1 Rd3 29. Ra2 Rcc3 30. Rab2 h3 31. Kf1 Nxf4 32. gxf4 Rf3 33. Ke1 1-0

[Event "op-06"]
[Site "Malaga"]
[Date "2003.02.24"]
[Round "6.1"]
[White "Cramling, Pia"]
[Black "Tiviakov, Sergei"]
[Result "1/2-1/2"]
[WhiteElo "2492"]
[BlackElo "2635"]
[PlyCount "46"]
[EventDate "2003.02.21"]
[Source "Roberto Alvarez"]
[SourceDate "2003.02.24"]

1. d4 Nf6 2. Nf3 e6 3. c4 b6 4. g3 Bb7 5. Bg2 Bb4+ 6. Bd2 Be7 7. O-O c6 8. Nc3 d5 9. Qb3 O-O 10. Bf4 Nbd7 11. cxd5 cxd5 12. a4 a6 13. Rfc1 Rc8 14. Na2 Rxc1+ 15. Rxc1 Qa8 16. Bc7 Qa7 17. Ne5 Rc8 18. Nxd7 Nxd7 19. Rc3 Ba8 20. Bf4 Rxc3 21. Qxc3 Qb7 22. h4 Qc6 23. b3 Qxc3 1/2-1/2

[Event "GEO-ch 62th"]
[Site "?"]
[Date "2002.05.23"]
[Round "4"]
[White "Jobava Baadur"]
[Black "Sturua Zurab"]
[Result "1-0"]
[WhiteElo "2556"]
[BlackElo "2565"]
[PlyCount "85"]
[EventDate "2002.??.??"]
[Source "www.chesslib.no"]
[SourceDate "2004.05.04"]

1. d4 d5 2. Nf3 Nf6 3. c4 e6 4. Nc3 c6 5. g3 Nbd7 6. Bg2 dxc4 7. O-O Be7 8. e4 O-O 9. Bf4 Qa5 10. a4 Rd8 11. Qe2 Nb6 12. Rfd1 Bd7 13. Ne5 Be8 14. Bd2 Bb4 15. Nxc4 Qa6 16. Nxb6 axb6 17. Qxa6 Rxa6 18. e5 Nd7 19. Ne4 Bxd2 20. Rxd2 b5 21. a5 Nb6 22. b4 Nd5 23. Nc5 Ra7 24. Bxd5 cxd5 25. f4 Kf8 26. Kf2 Ke7 27. Ke2 Rc8 28. Rc1 Rc6 29. Rdc2 f6 30. Kd2 h5 31. Nd3 Rc4 32. exf6+ gxf6 33. Rxc4 dxc4 34. Nc5 Kd6 35. Re1 Bf7 36. Ne4+ Kc6 37. Ra1 Ra8 38. Nxf6 Bg6 39. Re1 Kd6 40. Re5 Rf8 41. Nxh5 Rh8 42. g4 Rc8 43. Kc3 1-0

[Event "Moscow-4teams"]
[Site "Moscow"]
[Date "1981.??.??"]
[Round "?"]
[White "Taimanov, Mark E"]
[Black "Polugaevsky, Lev"]
[Result "1/2-1/2"]
[WhiteElo "2500"]
[BlackElo "2620"]
[PlyCount "44"]
[EventDate "1981.06.??"]
[Source "ChessBase"]

1. d4 Nf6 2. c4 e6 3. Nf3 b6 4. g3 Ba6 5. Qb3 c6 6. Bf4 Be7 7. Nbd2 O-O 8. Bg2 d5 9. O-O Nbd7 10. Rac1 c5 11. Rfd1 Bb7 12. dxc5 Nxc5 13. Qc2 Rc8 14. b4 Ncd7 15. Qb3 Qe8 16. a3 Ba8 17. Ne5 Nxe5 18. Bxe5 dxc4 19. Nxc4 Bxg2 20. Kxg2 Qc6+ 21. Qf3 Qxf3+ 22. Kxf3 Rfd8 1/2-1/2

[Event "Podolsk"]
[Site "?"]
[Date "1992.??.??"]
[Round "?"]
[White "Kiselev, S."]
[Black "Tiviakov, S."]
[Result "1/2-1/2"]
[WhiteElo "2530"]
[BlackElo "2585"]
[PlyCount "31"]
[EventDate "1992.??.??"]
[Source "ChessBase"]
[SourceDate "1993.10.01"]

1. d4 Nf6 2. c4 e6 3. Nf3 b6 4. g3 Bb4+ 5. Bd2 Be7 6. Nc3 Bb7 7. Bg2 c6 8. O-O d5 9. Qb3 O-O 10. Bf4 Nbd7 11. cxd5 cxd5 12. a4 a6 13. Rfc1 Rc8 14. Na2 Rxc1+ 15. Rxc1 Qa8 16. Bc7 1/2-1/2

[Event "Pedro Zabala (6eme memorial)"]
[Site "?"]
[Date "2004.10.12"]
[Round "6"]
[White "Bauer Christian"]
[Black "Conquest Stuart"]
[Result "1-0"]
[WhiteElo "2622"]
[BlackElo "2488"]
[PlyCount "95"]
[EventDate "2004.??.??"]
[Source "www.chesslib.no"]
[SourceDate "2004.05.04"]

1. d4 d5 2. c4 c6 3. Nf3 Nf6 4. Nc3 dxc4 5. g3 Nbd7 6. Bg2 e6 7. O-O Be7 8. a4 a5 9. e4 O-O 10. Qe2 b6 11. Rd1 Ba6 12. Bf4 Bb4 13. Qc2 Ra7 14. h3 h6 15. g4 Be7 16. Be3 Qc8 17. g5 hxg5 18. Bxg5 Re8 19. e5 Nh5 20. Bxe7 Rxe7 21. Ne4 Nf8 22. Nd6 Qd8 23. Qe4 Ng6 24. Ng5 Nhf4 25. h4 f6 26. h5 fxg5 27. hxg6 Qf8 28. Rd2 Bb7 29. Rad1 Ba8 30. Qe3 c5 31. Bxa8 Qxa8 32. f3 cxd4 33. Rxd4 Qf8 34. Nc8 Nd5 35. Nxe7+ Rxe7 36. Qxg5 Re8 37. f4 Qc5 38. Qh4 Ne7 39. Qh7+ Kf8 40. Qh8+ Ng8 41. Kf1 Qc6 42. Kf2 Qxa4 43. R1d2 Qc6 44. Rd7 Re7 45. Rd8+ Re8 46. R2d7 Qc5+ 47. Ke2 Rxd8 48. Rf7+ 1-0

[Event "Venice"]
[Site "Venice ITA"]
[Date "1971.??.??"]
[Round "7"]
[White "Hort, Vlastimil"]
[Black "Damjanovic, Mato"]
[Result "1/2-1/2"]
[WhiteElo "2600"]
[BlackElo "2500"]
[PlyCount "36"]
[EventDate "1971.10.??"]
[Source "www.chesslib.no"]
[SourceDate "2004.05.04"]

1. d4 Nf6 2. Nf3 e6 3. g3 d5 4. Bg2 Be7 5. O-O O-O 6. c4 c6 7. Nc3 Nbd7 8. b3 b6 9. Bb2 Bb7 10. Ne5 Rc8 11. Rc1 Re8 12. Re1 Bb4 13. a3 Bxc3 14. Rxc3 Qe7 15. Rc2 Red8 16. Qc1 Nxe5 17. dxe5 Nd7 18. Qf4 Nf8 1/2-1/2

[Event "Zagreb Vukovar"]
[Site "Zagreb"]
[Date "1993.??.??"]
[Round "1"]
[White "Kurajica, Bojan"]
[Black "Spraggett, Kevin"]
[Result "1/2-1/2"]
[WhiteElo "2535"]
[BlackElo "2565"]
[PlyCount "34"]
[EventDate "1993.05.??"]
[Source "ChessBase"]

1. d4 Nf6 2. Nf3 e6 3. g3 d5 4. Bg2 Be7 5. O-O O-O 6. c4 Nbd7 7. Nfd2 c5 8. cxd5 exd5 9. dxc5 Nxc5 10. Nb3 Nce4 11. Be3 Bf5 12. Bd4 Re8 13. Nc3 Nxc3 14. Bxc3 Be4 15. Bh3 Bg6 16. Rc1 Ne4 17. Bd4 h5 1/2-1/2

[Event "Cappelle la Grande"]
[Site "?"]
[Date "1992.??.??"]
[Round "?"]
[White "Krasenkov, M."]
[Black "Goldin, A."]
[Result "1/2-1/2"]
[WhiteElo "2495"]
[BlackElo "2595"]
[PlyCount "47"]
[EventDate "1992.??.??"]
[Source "ChessBase"]
[SourceDate "1992.02.01"]

1. Nf3 Nf6 2. c4 e6 3. g3 d5 4. d4 Bb4+ 5. Bd2 Be7 6. Bg2 O-O 7. O-O c6 8. Qb3 Nbd7 9. Bg5 h6 10. Bxf6 Bxf6 11. Nbd2 Qb6 12. e3 Qxb3 13. axb3 e5 14. cxd5 cxd5 15. dxe5 Nxe5 16. Nxe5 Bxe5 17. Bxd5 Rd8 18. e4 Bxb2 19. Ra2 Bd4 20. Rc1 Be6 21. Bxb7 Rab8 22. Bc6 Rdc8 23. Rac2 Bxb3 24. Nxb3 1/2-1/2

[Event "Dubai 82/431"]
[Site "?"]
[Date "2001.??.??"]
[Round "?"]
[White "Volzhin, A."]
[Black "Neverov, V."]
[Result "1-0"]
[WhiteElo "2528"]
[BlackElo "2562"]
[PlyCount "82"]
[EventDate "2001.??.??"]
[Source "Chess Informant"]
[SourceDate "2001.06.01"]

1. d4 d5 2. c4 e6 3. Nc3 Be7 4. Nf3 Nf6 5. g3 O-O 6. Bg2 dxc4 7. O-O Nbd7 8. e4 Rb8 9. a4 a6 10. a5 b5 11. axb6 Nxb6 12. Qe2 Bb7 13. Rd1 Bb4 14. Ne5 Qe7 15. Bg5 h6 16. Bxf6 Qxf6 17. Nxc4 Nxc4 18. Qxc4 Qe7 19. e5 Bxg2 20. Kxg2 c5 21. d5 exd5 22. Rxd5 Bxc3 23. bxc3 Qb7 24. Rxa6 Rfe8 25. Rad6 Rxe5 26. Qxc5 Rbe8 27. c4 Re4 28. Rd7 Qb1 29. Rd8 Re1 30. Rxe8+ Rxe8 31. Re5 Rd8 32. Qb5 Qxb5 33. cxb5 Rd2 34. Kf3 Rb2 35. h4 g6 36. Ke3 f6 37. Rc5 Kf7 38. h5 gxh5 39. Rxh5 Rb3+ 40. Kd4 Kg6 41. Rd5 Rb2 1-0

[Event "AUT-chT 0102"]
[Site "?"]
[Date "2002.03.10"]
[Round "11"]
[White "Boensch Uwe"]
[Black "Pinter Jozsef"]
[Result "1/2-1/2"]
[WhiteElo "2542"]
[BlackElo "2547"]
[PlyCount "32"]
[EventDate "2002.??.??"]
[Source "www.chesslib.no"]
[SourceDate "2004.05.04"]

1. d4 Nf6 2. c4 e6 3. Nf3 d5 4. g3 Bb4+ 5. Bd2 Be7 6. Bg2 O-O 7. O-O c6 8. Qb3 b6 9. Nc3 Bb7 10. Bf4 Nbd7 11. cxd5 Nxd5 12. Nxd5 cxd5 13. Rfc1 Ba6 14. e4 Nf6 15. Bc7 Qe8 16. Nd2 Qd7 1/2-1/2

[Event "Bad Woerishofen op"]
[Site "Bad Woerishofen"]
[Date "1996.??.??"]
[Round "7"]
[White "Romanishin, Oleg M"]
[Black "Wells, Peter K"]
[Result "1-0"]
[WhiteElo "2590"]
[BlackElo "2495"]
[PlyCount "71"]
[EventDate "1996.03.??"]
[Source "www.chesslib.no"]
[SourceDate "2004.05.04"]

1. d4 Nf6 2. Nf3 d5 3. c4 c6 4. Nc3 e6 5. g3 dxc4 6. Bg2 Nbd7 7. O-O Be7 8. e4 O-O 9. Bf4 Re8 10. Re1 Bf8 11. a4 a5 12. Qe2 b6 13. Qxc4 Ba6 14. Qa2 Bb4 15. Rad1 h6 16. h3 Nf8 17. Ne5 Rc8 18. Qb1 N6d7 19. Nd3 c5 20. Nxb4 axb4 21. Nb5 Bxb5 22. axb5 cxd4 23. e5 Nc5 24. Bc6 d3 25. Bd2 b3 26. Bb4 Nfd7 27. Qc1 Re7 28. Qc3 Qc7 29. Re3 Qb8 30. Qd4 Rc7 31. Qd6 Re8 32. Bxc5 Rxc6 33. bxc6 Nxc5 34. Rexd3 Nxd3 35. Rxd3 Kh7 36. c7 1-0

[Event "Malaga 81/413"]
[Site "?"]
[Date "2001.??.??"]
[Round "?"]
[White "Gleizerov, E."]
[Black "Perez, Ro"]
[Result "1-0"]
[WhiteElo "2586"]
[BlackElo "2492"]
[PlyCount "85"]
[EventDate "2001.??.??"]
[Source "Chess Informant"]
[SourceDate "2001.02.01"]

1. d4 d5 2. c4 c6 3. Nf3 Nf6 4. Nc3 e6 5. g3 Be7 6. Bg2 O-O 7. O-O Nbd7 8. b3 b6 9. Qd3 Ba6 10. Rd1 Rc8 11. e4 c5 12. exd5 exd5 13. dxc5 dxc4 14. bxc4 Nxc5 15. Qf1 Qe8 16. Nb5 Nce4 17. Nfd4 Bc5 18. Bb2 Qe5 19. Qe2 Bxb5 20. cxb5 Rcd8 21. Nc6 Rxd1+ 22. Rxd1 Qf5 23. Bd4 Re8 24. Qf3 Qe6 25. Bxc5 Nxc5 26. a3 a6 27. bxa6 Nxa6 28. Nd4 Qe5 29. Qc6 Qc5 30. Nb5 h5 31. Rc1 Qxc6 32. Rxc6 Re6 33. Nd6 Nc5 34. Rxb6 Re1+ 35. Bf1 Nd3 36. Rb8+ Kh7 37. Nxf7 Ng4 38. Ng5+ Kg6 39. Nh3 Nxh2 40. Kxh2 Rxf1 41. Rb3 Ne5 42. Kg2 Re1 43. Nf4+ 1-0

[Event "Switzerland"]
[Site "Switzerland"]
[Date "1986.??.??"]
[Round "?"]
[White "Korchnoi, Viktor L"]
[Black "Wirthensohn, Heinz"]
[Result "1-0"]
[WhiteElo "2635"]
[BlackElo "2440"]
[PlyCount "37"]
[EventDate "1986.??.??"]
[Source "www.chesslib.no"]
[SourceDate "2004.05.04"]

1. Nf3 Nf6 2. c4 e6 3. g3 d5 4. Bg2 Be7 5. O-O O-O 6. d4 c6 7. Nc3 Nbd7 8. Nd2 Nb6 9. b3 c5 10. dxc5 Bxc5 11. Bb2 Bd7 12. cxd5 exd5 13. Nf3 Qe7 14. a4 a5 15. Qd3 Rfe8 16. e3 Rad8 17. Rac1 Ne4 18. Nxe4 dxe4 19. Qc3 1-0

[Event "Metz FRA"]
[Site "?"]
[Date "2006.04.26"]
[Round "5"]
[White "Savchenko Stanislav"]
[Black "Spraggett Kevin"]
[Result "0-1"]
[WhiteElo "2495"]
[BlackElo "2578"]
[PlyCount "66"]
[EventDate "2006.??.??"]
[Source "www.chesslib.no"]
[SourceDate "2004.05.04"]

1. d4 Nf6 2. c4 e6 3. g3 d5 4. Nf3 Be7 5. Bg2 O-O 6. O-O Nbd7 7. b3 c6 8. Nc3 a6 9. Qc2 b5 10. a4 b4 11. Nb1 a5 12. Nbd2 c5 13. e4 Bb7 14. exd5 exd5 15. Bb2 Rc8 16. Rad1 Re8 17. cxd5 Bxd5 18. Nc4 Be4 19. Qd2 Nb6 20. Nxb6 Qxb6 21. dxc5 Bxc5 22. Ne5 Bxg2 23. Kxg2 Qb7+ 24. Kg1 h6 25. Qf4 Re6 26. Ng4 Ne4 27. Qf3 Qa7 28. Kg2 Rce8 29. Rd5 Ng5 30. Qf5 Qa8 31. Rfd1 Re2 32. Bd4 g6 33. Qxg5 Bxd4 0-1

[Event "Nizhnij Tagil"]
[Site "Nizhnij Tagil"]
[Date "1998.??.??"]
[Round "6"]
[White "Shariyazdanov, Andrey"]
[Black "Ulibin, Mikhail"]
[Result "1/2-1/2"]
[WhiteElo "2495"]
[BlackElo "2575"]
[PlyCount "27"]
[EventDate "1998.??.??"]
[Source "www.chesslib.no"]
[SourceDate "2004.05.04"]

1. Nf3 Nf6 2. c4 e6 3. g3 d5 4. Bg2 Be7 5. O-O O-O 6. d4 Nbd7 7. b3 c6 8. Bb2 b6 9. Nbd2 Bb7 10. Re1 Rc8 11. e4 Nxe4 12. Nxe4 dxe4 13. Rxe4 c5 14. Re2 1/2-1/2

[Event "Clarin"]
[Site "Buenos Aires"]
[Date "1979.??.??"]
[Round "6"]
[White "Rubinetti, Jorge Alberto"]
[Black "Spassky, Boris V"]
[Result "0-1"]
[WhiteElo "2430"]
[BlackElo "2640"]
[PlyCount "87"]
[EventDate "1979.11.??"]
[Source "ChessBase"]

1. d4 Nf6 2. c4 e6 3. Nf3 d5 4. g3 Be7 5. Bg2 O-O 6. O-O Nbd7 7. b3 b6 8. cxd5 Nxd5 9. Bb2 Bb7 10. Nbd2 c5 11. Rc1 Rc8 12. dxc5 Nxc5 13. a3 b5 14. Rc2 Qb6 15. Bd4 Qa6 16. b4 Na4 17. Nb3 f6 18. Na5 Ba8 19. Bh3 f5 20. Bg2 Qd6 21. Be5 Qd7 22. Rxc8 Rxc8 23. Qa1 Ndc3 24. Re1 Bd5 25. h4 Bf6 26. Bxf6 gxf6 27. e3 e5 28. Nh2 Kf7 29. Bh3 Ba8 30. Nf1 Qd3 31. e4 Bxe4 32. Re3 Qc2 33. Qe1 Rd8 34. f3 Ba8 35. f4 Be4 36. fxe5 fxe5 37. Nc6 Rd1 38. Nxe5+ Kf6 39. Rxe4 Nxe4 40. Qe3 Kxe5 41. Qf4+ Kd4 42. Bxf5 Nac3 43. Qe3+ Kd5 44. Qc5+ 0-1

[Event "Groningen"]
[Site "Groningen"]
[Date "1991.??.??"]
[Round "7"]
[White "Ftacnik, Lubomir"]
[Black "Schmittdiel, Eckhard"]
[Result "1/2-1/2"]
[WhiteElo "2575"]
[BlackElo "2490"]
[PlyCount "66"]
[EventDate "1991.12.??"]
[Source "ChessBase"]

1. Nf3 Nf6 2. c4 e6 3. Nc3 d5 4. d4 Be7 5. g3 O-O 6. Bg2 Nbd7 7. O-O Ne4 8. cxd5 Nxc3 9. bxc3 exd5 10. Qb3 Nb6 11. Ne5 Bf5 12. Rd1 c6 13. a4 Qc7 14. a5 Nd7 15. Nd3 b5 16. axb6 axb6 17. Rxa8 Rxa8 18. c4 dxc4 19. Qxc4 Rc8 20. Bf4 Bxd3 21. Qxd3 Bd6 22. Rc1 c5 23. Bxd6 Qxd6 24. Bh3 g6 25. Qb5 Rd8 26. Bxd7 Qxd7 27. Qxd7 Rxd7 28. dxc5 Rc7 29. f4 f5 30. Kf2 bxc5 31. e4 fxe4 32. Ke3 Kf7 33. Kxe4 Ke6 1/2-1/2

[Event "BL2-W 9596"]
[Site "GER"]
[Date "1996.??.??"]
[Round "?"]
[White "Romanishin, Oleg M"]
[Black "Kuijf, Marinus N"]
[Result "1/2-1/2"]
[WhiteElo "2590"]
[BlackElo "2470"]
[PlyCount "126"]
[EventDate "1995.10.??"]
[Source "www.chesslib.no"]
[SourceDate "2004.05.04"]

1. d4 d5 2. c4 c6 3. Nf3 Nf6 4. Nc3 e6 5. g3 Be7 6. Bg2 O-O 7. O-O Nbd7 8. Bf4 b6 9. Rc1 Bb7 10. cxd5 cxd5 11. Qb3 a6 12. Na4 b5 13. Bc7 Qe8 14. Nb6 Nxb6 15. Bxb6 Rc8 16. Qe3 Nd7 17. Ba5 Bd6 18. Rxc8 Qxc8 19. Rc1 Qb8 20. Ne1 Rc8 21. Nd3 Rxc1+ 22. Qxc1 Qc8 23. Qxc8+ Bxc8 24. f3 Kf8 25. Kf2 Ke7 26. e3 Nb8 27. a3 Nc6 28. Bb6 f6 29. f4 Nb8 30. f5 e5 31. Bxd5 Bxf5 32. e4 Bc8 33. dxe5 fxe5 34. Nc5 Nd7 35. Nxd7 Kxd7 36. b4 Ke7 37. Ke3 Kf6 38. Bd8+ Kg6 39. Kf3 Bb8 40. Bb6 Bd6 41. h4 h5 42. Ke3 Kf6 43. Bd8+ Kg6 44. Kd3 Bb8 45. Bb6 Kf6 46. Bc5 Bc7 47. Bc6 Bb8 48. Kc3 Bc7 49. Kb3 Be6+ 50. Kb2 Bc8 51. Bd5 Bb8 52. Kc3 Bc7 53. Bc6 Bb8 54. Kd3 Bc7 55. Be8 g6 56. Bc6 Bb8 57. Kc3 Bc7 58. Be3 Kf7 59. Bd5+ Kf6 60. Bg5+ Kg7 61. Be7 Bb6 62. Bc5 Bc7 63. Bc6 Kf6 1/2-1/2

[Event "Linares ESP"]
[Site "Linares ESP"]
[Date "1993.??.??"]
[Round "8"]
[White "Sunye Neto, Jaime"]
[Black "Garcia, Gildardo"]
[Result "0-1"]
[WhiteElo "2540"]
[BlackElo "2520"]
[PlyCount "110"]
[EventDate "1993.??.??"]
[Source "www.chesslib.no"]
[SourceDate "2004.05.04"]

1. Nf3 d5 2. g3 Nf6 3. Bg2 e6 4. O-O Be7 5. c4 O-O 6. d4 Nbd7 7. Nc3 c6 8. cxd5 exd5 9. Bg5 Re8 10. Re1 Ne4 11. Bxe7 Qxe7 12. e3 Ndf6 13. Ne5 Nd6 14. Rc1 h5 15. h3 g6 16. b4 Kg7 17. a4 Be6 18. b5 cxb5 19. axb5 Nfe4 20. Qb3 Nxc3 21. Rxc3 Ne4 22. Rc2 a5 23. bxa6 bxa6 24. Rec1 Reb8 25. Qa2 Rb7 26. Nd3 a5 27. Nc5 Rb6 28. Qa4 Bf5 29. Nxe4 Bxe4 30. Rc7 Qf6 31. Bxe4 dxe4 32. Qc2 Qf5 33. Rc5 Qf3 34. Re5 a4 35. Rxe4 a3 36. d5 Rb2 37. Qc3+ Kg8 38. Rf4 Qxd5 39. Ra1 Qb7 40. Rd4 Rb1+ 41. Rd1 Qb2 42. Qd4 Qxd4 43. exd4 Rxd1+ 44. Rxd1 a2 45. Ra1 Kf8 46. Kf1 Ke7 47. Ke2 Ra3 48. Kd2 Kd6 49. Kc1 Kd5 50. Kb2 Ra7 51. Kc3 g5 52. f4 g4 53. hxg4 hxg4 54. f5 f6 55. Kd3 Ra3+ 0-1

[Event "MK Cafe Cup-A"]
[Site "Koszalin"]
[Date "1999.08.08"]
[Round "6"]
[White "Romanishin, Oleg M"]
[Black "Grabarczyk, Miroslaw"]
[Result "1-0"]
[WhiteElo "2567"]
[BlackElo "2484"]
[PlyCount "53"]
[EventDate "1999.08.03"]
[Source "ChessBase"]
[SourceDate "1999.12.01"]

1. d4 d5 2. c4 c6 3. Nf3 Nf6 4. Nc3 e6 5. g3 Nbd7 6. Bg2 Be7 7. O-O O-O 8. Bf4 Nh5 9. Bd2 Nhf6 10. Bf4 Nh5 11. Bd2 Nhf6 12. c5 Ne4 13. Nxe4 dxe4 14. Ne5 Nxe5 15. dxe5 Bxc5 16. Bxe4 Qd4 17. Qc2 Qxe5 18. Bf4 Qh5 19. Bf3 Qf5 20. e4 Qf6 21. Qxc5 Qxb2 22. Be5 Qb6 23. Qc3 f6 24. Bd6 Re8 25. e5 f5 26. Rfd1 Bd7 27. Rab1 1-0

[Event "Nederland (ch)"]
[Site "?"]
[Date "1987.??.??"]
[Round "?"]
[White "Sosonko, G."]
[Black "van der Sterren, P."]
[Result "1/2-1/2"]
[WhiteElo "2530"]
[BlackElo "2520"]
[PlyCount "34"]
[EventDate "1987.??.??"]
[Source "ChessBase"]
[SourceDate "1987.01.01"]

1. d4 d5 2. Nf3 Nf6 3. c4 c6 4. Nc3 e6 5. g3 dxc4 6. Bg2 Nbd7 7. O-O Be7 8. e4 O-O 9. a4 b6 10. Qe2 a5 11. Rd1 Ba6 12. Bf4 Re8 13. Nd2 Rc8 14. Nxc4 Nd5 15. Bd2 Nb4 16. Be3 Nd5 17. Bd2 Nb4 1/2-1/2

[Event "Krasnodar"]
[Site "?"]
[Date "2001.??.??"]
[Round "?"]
[White "Poluljahov Aleksandr"]
[Black "Nadyrhanov Sergey"]
[Result "1-0"]
[WhiteElo "2525"]
[BlackElo "2525"]
[PlyCount "89"]
[EventDate "2001.??.??"]
[Source "www.chesslib.no"]
[SourceDate "2004.05.04"]

1. d4 Nf6 2. c4 e6 3. Nf3 d5 4. g3 Bb4+ 5. Bd2 Be7 6. Bg2 O-O 7. O-O c6 8. Qb3 Nbd7 9. Bf4 b6 10. Nc3 Bb7 11. Rac1 Nh5 12. Be3 Bd6 13. Bg5 f6 14. Bd2 f5 15. Ng5 Qe7 16. cxd5 exd5 17. e4 fxe4 18. Ncxe4 Kh8 19. Nxd6 Qxd6 20. Bb4 c5 21. Bxc5 Nxc5 22. dxc5 Qf6 23. h4 h6 24. Nf3 d4 25. c6 Bxc6 26. Rxc6 Qxc6 27. Nxd4 Qg6 28. Ne6 Rg8 29. Bxa8 Rxa8 30. Re1 Re8 31. Re3 Nf6 32. Kg2 Qb1 33. a3 Qc1 34. Qb5 Qc8 35. Qe2 Qc6+ 36. Kh2 Qa4 37. f3 Rc8 38. Rd3 Rc2 39. Rd8+ Kh7 40. Rd2 Rxd2 41. Qxd2 Qb3 42. Qe2 Kh8 43. Nf4 Qf7 44. Qc2 Qe8 45. Kg2 1-0